[Event "Challenge"]
[Site "http://www.queenalice.com/game.php?id=1076405"]
[Date "2012.6.26"]
[Round "-"]
[White "enzoiazo"]
[Black "Rouletabosse"]
[Result "1-0"]
[WhiteElo "2014"]
[BlackElo "1727"]

1. e4 e6 2. f4 d5 3. e5 a6 4. Nf3 c5 5. c3 Nc6 6. Bd3 c4 7. Bc2 Bc5 8. d4 cxd3
9. Qxd3 Nge7 10. Be3 Bxe3 11. Qxe3 h6 12. O-O b5 13. Nbd2 O-O 14. Qd3 Nf5 15. g4
Qb6+ 16. Kh1 Qe3 17. gxf5 1-0

[Event "Challenge"]
[Site "http://www.queenalice.com/game.php?id=1100917"]
[Date "2012.9.8"]
[Round "-"]
[White "Rouletabosse"]
[Black "enzoiazo"]
[Result "0-1"]
[WhiteElo "1543"]
[BlackElo "2007"]

1. Nf3 Nf6 2. c4 g6 3. Nc3 Bg7 4. d3 O-O 5. e4 d6 6. Be2 c5 7. O-O Nc6 8. Be3
Bg4 9. Qd2 Re8 10. h3 Bxf3 11. Bxf3 Nd7 12. Bh6 Nd4 13. Bxg7 Nxf3+ 14. gxf3 Kxg7
15. Kh1 Ne5 16. Qe2 e6 17. f4 Nc6 18. Rg1 Qh4 19. Rg3 Nd4 20. Qg4 Qxg4 21. hxg4
a6 22. Kg2 b5 23. b3 b4 24. Na4 f5 25. exf5 exf5 26. g5 Ne2 27. Rf3 Re7 28. Nb6
Rae8 29. Nd5 Re6 30. Nc7 R8e7 31. Nxe6+ Rxe6 32. Re1 Nxf4+ 33. Rxf4 Rxe1 0-1

[Event "Challenge"]
[Site "http://www.queenalice.com/game.php?id=1100918"]
[Date "2012.9.8"]
[Round "-"]
[White "enzoiazo"]
[Black "Rouletabosse"]
[Result "1-0"]
[WhiteElo "2003"]
[BlackElo "1547"]

1. e3 d5 2. d4 Nf6 3. Nf3 Bg4 4. Be2 e6 5. O-O a6 6. Nbd2 c5 7. Ne5 Bxe2 8. Qxe2
cxd4 9. exd4 Nc6 10. Ndf3 h6 11. c3 Rc8 12. Bf4 Be7 13. Nxc6 Rxc6 14. Ne5 Rc8
15. h3 Nd7 16. Rfe1 O-O 17. Rad1 Nxe5 18. Bxe5 Bf6 19. Bxf6 Qxf6 20. Qe5 Qxe5
21. Rxe5 b5 22. Rde1 Rc6 23. f4 Re8 24. f5 g5 25. g4 Kg7 26. Kf2 f6 27. Rxe6
Rcxe6 28. fxe6 Kg6 29. b3 a5 30. Re3 f5 31. gxf5+ Kf6 32. Re5 1-0

[Event "muzette contre tanche"]
[Site "http://www.queenalice.com/game.php?id=1101140"]
[Date "2012.9.9"]
[Round "-"]
[White "enzoiazo"]
[Black "Rouletabosse"]
[Result "1-0"]
[WhiteElo "2019"]
[BlackElo "1495"]

1. g4 e6 2. Bg2 d5 3. c4 h6 4. Nc3 a6 5. cxd5 exd5 6. Bxd5 Nf6 7. Bf3 Bxg4 8.
Bxg4 Nxg4 9. Nf3 Nf6 10. Qb3 b5 11. Ne5 Qe7 12. d4 Nbd7 13. Bf4 Qb4 14. Qxf7+
Kd8 15. Nc6+ 1-0

[Event "muzette contre tanche (3)"]
[Site "http://www.queenalice.com/game.php?id=1101141"]
[Date "2012.9.9"]
[Round "-"]
[White "enzoiazo"]
[Black "Rouletabosse"]
[Result "0-1"]
[WhiteElo "1988"]
[BlackElo "1530"]

1. b4 a6 2. e3 e6 3. a3 Nf6 4. Bb2 d5 5. c4 dxc4 6. Bxc4 b5 7. Be2 Bb7 8. Bf3
Bxf3 9. Qxf3 Nbd7 10. Ne2 Be7 11. O-O c5 12. bxc5 Nxc5 13. d4 Na4 14. Bc1 O-O
15. Nd2 Nd5 16. e4 Ndb6 17. Nb3 Rc8 18. Be3 Nc4 19. Rfd1 Nxe3 20. Qxe3 Qb6 21.
Rac1 Nb2 22. Rd2 Rxc1+ 23. Nbxc1 Nc4 24. Qd3 Nxd2 25. Qxd2 Rd8 26. Qb2 Qa5 27.
Kf1 Qxa3 28. Qc2 Qd6 29. Nb3 Qb8 30. g3 Rc8 31. Nc5 Bxc5 32. dxc5 Qe5 33. c6 Qd6
34. Nf4 Rxc6 35. Qa2 h6 36. h4 g5 37. hxg5 hxg5 38. Nh5 Qd3+ 39. Kg1 Rc1+ 40.
Kh2 Qf1 41. g4 Qh1+ 42. Kg3 Rc3+ 43. f3 Rxf3# 0-1

[Event "muzette contre tanche (5)"]
[Site "http://www.queenalice.com/game.php?id=1101142"]
[Date "2012.9.9"]
[Round "-"]
[White "enzoiazo"]
[Black "Rouletabosse"]
[Result "1-0"]
[WhiteElo "2009"]
[BlackElo "1541"]

1. d4 d5 2. c4 e6 3. Nc3 Nf6 4. Nf3 a6 5. Bf4 c6 6. e3 dxc4 7. Bxc4 b5 8. Be2
Bb7 9. O-O h6 10. Rc1 Bd6 11. Bxd6 Qxd6 12. e4 Qe7 13. e5 Nd5 14. Ne4 O-O 15.
Nd6 Ra7 16. Bd3 Nd7 17. Qe2 N5b6 18. Qe4 g6 19. h4 Ba8 20. h5 c5 21. Qg4 g5 22.
dxc5 Nd5 23. c6 N7b6 24. Qe4 f5 25. exf6 Rxf6 26. Qe5 Rc7 27. Ne4 Rf5 28. Qd6
Qxd6 29. Nxd6 Rxc6 30. Rxc6 Bxc6 31. Nxf5 exf5 32. Nd4 Bd7 33. Nxf5 1-0

[Event "tanche contre muzette (2)"]
[Site "http://www.queenalice.com/game.php?id=1101143"]
[Date "2012.9.9"]
[Round "-"]
[White "Rouletabosse"]
[Black "enzoiazo"]
[Result "0-1"]
[WhiteElo "1493"]
[BlackElo "2021"]

1. Nf3 Nf6 2. c4 c5 3. Nc3 Nc6 4. a3 d5 5. cxd5 Nxd5 6. Nxd5 Qxd5 7. e3 Bg4 8.
Be2 e6 9. h3 Bh5 10. O-O Be7 11. Nh2 Bxe2 12. Qxe2 O-O 13. Rd1 Rad8 14. d4 cxd4
0-1

[Event "tanche contre muzette (4)"]
[Site "http://www.queenalice.com/game.php?id=1101144"]
[Date "2012.9.9"]
[Round "-"]
[White "enzoiazo"]
[Black "Rouletabosse"]
[Result "1-0"]
[WhiteElo "2005"]
[BlackElo "1545"]

1. e4 e6 2. Nc3 d5 3. d3 dxe4 4. Nxe4 Nd7 5. Nf3 h6 6. Bf4 b6 7. Be2 c5 8. O-O
Ngf6 9. Nd6+ Bxd6 10. Bxd6 Nb8 11. Bg3 Bb7 12. Qd2 O-O 13. Ne5 Nbd7 14. Bf3 Bxf3
15. Nxf3 Nd5 16. Rfe1 N7f6 17. a3 a6 18. Ne5 Nd7 19. Nxd7 Qxd7 20. Qe2 Rfe8 21.
Qe4 Nf6 22. Be5 Qd5 23. Qxd5 Nxd5 24. h3 f6 25. Bh2 e5 26. Re2 Nf4 27. Bxf4 exf4
28. Rae1 Kf7 29. Kf1 Rxe2 30. Rxe2 Re8 31. Rxe8 Kxe8 32. Ke2 Kd7 33. Kf3 1-0

[Event "tanche contre muzette (6)"]
[Site "http://www.queenalice.com/game.php?id=1101145"]
[Date "2012.9.9"]
[Round "-"]
[White "enzoiazo"]
[Black "Rouletabosse"]
[Result "1-0"]
[WhiteElo "2023"]
[BlackElo "1491"]

1. e4 e6 2. d4 d5 3. e5 c5 4. c3 Nc6 5. Nf3 cxd4 6. cxd4 a6 7. a3 Bd7 8. Nc3 h6
9. Bd3 Be7 10. O-O f6 11. Bg6+ Kf8 12. Bf4 Be8 13. Bxe8 Qxe8 14. Qd3 fxe5 15.
Nxe5 Nf6 16. Ng6+ 1-0

[Event "Challenge"]
[Site "http://www.queenalice.com/game.php?id=1101374"]
[Date "2012.9.10"]
[Round "-"]
[White "Canaye"]
[Black "enzoiazo"]
[Result "1-0"]
[WhiteElo "1865"]
[BlackElo "2025"]

1. d4 Nf6 2. c4 c5 3. dxc5 Qa5+ 4. Nc3 Qxc5 5. e3 Nc6 6. Nf3 d6 7. Be2 Bg4 8. h3
Bh5 9. O-O e6 10. Re1 Be7 11. a3 O-O 12. b4 Qb6 13. Bb2 Rad8 14. Qc2 d5 15. c5
Qc7 16. Nd4 e5 17. Nf5 Bxe2 18. Nxe7+ Qxe7 19. Rxe2 d4 20. exd4 Nxd4 21. Qd3
Nxe2+ 22. Qxe2 Nd5 23. Ne4 Nf4 24. Qg4 f5 25. Qg5 fxe4 26. Qxe7 1-0

[Event "Challenge"]
[Site "http://www.queenalice.com/game.php?id=1101375"]
[Date "2012.9.10"]
[Round "-"]
[White "enzoiazo"]
[Black "Canaye"]
[Result "0-1"]
[WhiteElo "2011"]
[BlackElo "1846"]

1. f4 e6 2. Nf3 d5 3. b3 c5 4. Bb2 Nc6 5. e3 Nf6 6. Bb5 Bd7 7. O-O Be7 8. d3 O-O
9. Nbd2 a6 10. Bxc6 Bxc6 11. Ne5 Be8 12. Ndf3 Rc8 13. c4 Qb6 14. d4 Ne4 15. Nd2
f6 16. Nef3 Nxd2 17. Qxd2 Bg6 18. cxd5 exd5 19. dxc5 Bxc5 20. Bd4 Bxd4 21. Qxd4
Qd6 22. Nd2 Rc6 23. f5 Bf7 24. Rad1 Rd8 25. Nf3 Bh5 26. Rd2 Bxf3 27. gxf3 Re8
28. Rfd1 Re5 29. e4 Rc5 30. Kf2 h6 31. a3 Qc6 32. Qb4 dxe4 33. Rd8+ Kh7 34. f4
Rxf5 35. Kg3 Rc3+ 36. Kg4 Rb5 37. Qe7 f5+ 38. Kh4 Qg6 39. h3 Qg3+ 40. Kh5 Qxh3+
41. Qh4 g6# 0-1

[Event "mon ptit plaisir"]
[Site "http://www.queenalice.com/game.php?id=1129446"]
[Date "2012.12.8"]
[Round "-"]
[White "Canaye"]
[Black "enzoiazo"]
[Result "0-1"]
[WhiteElo "1931"]
[BlackElo "1958"]

1. d4 f5 2. c4 Nf6 3. Nc3 e6 4. h3 Bb4 5. Qc2 O-O 6. Bf4 d5 7. cxd5 Nxd5 8. Be5
Nc6 9. e3 Nxe5 10. dxe5 Nxc3 11. bxc3 Ba5 12. Bd3 Bd7 13. Ne2 Bc6 14. O-O Qg5
15. Nf4 Rae8 16. g3 Qh6 17. Kh2 g5 18. Ne2 f4 19. exf4 gxf4 20. Nxf4 Rxf4 21.
Bxh7+ Kh8 22. Rfe1 Bb6 23. gxf4 Qxf4+ 24. Kg1 Qg5+ 25. Kf1 Qg2+ 26. Ke2 Qxf2+
27. Kd3 Rd8+ 0-1

[Event "je sais"]
[Site "http://www.queenalice.com/game.php?id=1129447"]
[Date "2012.12.8"]
[Round "-"]
[White "enzoiazo"]
[Black "Canaye"]
[Result "1-0"]
[WhiteElo "1973"]
[BlackElo "1918"]

1. e4 e6 2. d4 d5 3. e5 c5 4. c3 cxd4 5. cxd4 Bb4+ 6. Bd2 Qb6 7. Nc3 Qxd4 8. Nf3
Qb6 9. Bd3 Ne7 10. O-O Nbc6 11. Qe2 Bd7 12. a3 Bxc3 13. Bxc3 d4 14. Bd2 h6 15.
Qe4 Ng6 16. b4 Rc8 17. h4 Nge7 18. g4 Nd5 19. g5 hxg5 20. Nxg5 f5 21. exf6 Nxf6
22. Qg6+ Kd8 23. Nf7+ Kc7 24. Bf4+ e5 25. Nxe5 Nxe5 26. Bxe5+ Kd8 27. Qxg7 Rg8
28. Bxf6+ Qxf6 29. Qxg8+ Kc7 30. Qg3+ Kb6 31. Rac1 Rc3 32. Rxc3 dxc3 33. Qg6 1-0

[Event "Challenge"]
[Site "http://www.queenalice.com/game.php?id=1148149"]
[Date "2013.2.2"]
[Round "-"]
[White "Rouletabosse"]
[Black "enzoiazo"]
[Result "0-1"]
[WhiteElo "1585"]
[BlackElo "1987"]

1. Nf3 Nf6 2. d4 c5 3. e3 cxd4 4. exd4 d5 5. h3 Nc6 6. a3 Bf5 7. c4 e6 8. cxd5
exd5 9. Be2 Be7 10. O-O O-O 11. Bg5 h6 12. Bh4 Ne4 13. Bxe7 Qxe7 14. Nc3 Rad8
15. Re1 a6 16. Bd3 Qd6 17. b4 Nxc3 18. Qc2 Bxd3 0-1

[Event "Challenge"]
[Site "http://www.queenalice.com/game.php?id=1148151"]
[Date "2013.2.2"]
[Round "-"]
[White "enzoiazo"]
[Black "Rouletabosse"]
[Result "1-0"]
[WhiteElo "1989"]
[BlackElo "1666"]

1. d4 d5 2. c4 e6 3. Nc3 a6 4. Nf3 Be7 5. Bf4 dxc4 6. e4 b5 7. Be2 Bb7 8. Qc2
Nf6 9. O-O Nbd7 10. e5 Nd5 11. Bg3 O-O 12. Ne4 Nb4 13. Qb1 c5 14. Nd6 Bxd6 15.
exd6 cxd4 16. Nxd4 Nd5 17. a4 N7f6 18. Be5 Ne8 19. axb5 Nxd6 20. bxa6 Bxa6 21.
Rc1 Nb6 22. Bf3 Ra7 23. Nc6 1-0

[Event "Rouletabosse-2"]
[Site "http://www.queenalice.com/game.php?id=1180500"]
[Date "2013.5.11"]
[Round "1"]
[White "shady66"]
[Black "enzoiazo"]
[Result "1/2-1/2"]
[WhiteElo "1733"]
[BlackElo "1994"]

1. e4 Nf6 2. Nc3 d5 3. Qf3 Bg4 4. Qf4 d4 5. Nd5 Nxd5 6. exd5 Bh5 7. Qxd4 Nd7 8.
c4 c5 9. dxc6 bxc6 10. b4 e5 11. Qc3 a5 12. Be2 Bxb4 13. Qg3 Bg6 14. a3 Bc5 15.
d3 Bd4 16. Rb1 Nc5 17. Nf3 Bxd3 18. Qxg7 e4 19. Nxd4 Rf8 20. Qe5+ Qe7 21. Qxe7+
Kxe7 22. Nxc6+ Kd6 23. Rb6 Nd7 24. Bf4+ Kc5 25. Be3+ Kd6 26. Bf4+ Kc5 1/2-1/2

[Event "REIDID93"]
[Site "http://www.queenalice.com/game.php?id=1181744"]
[Date "2013.5.15"]
[Round "2"]
[White "enzoiazo"]
[Black "pacou93"]
[Result "1-0"]
[WhiteElo "1984"]
[BlackElo "1804"]

1. d4 Nf6 2. c4 c5 3. d5 b5 4. cxb5 a6 5. bxa6 Bxa6 6. Nc3 d6 7. g3 g6 8. Bg2
Nbd7 9. Nh3 Bg7 10. Nf4 O-O 11. h4 Ne5 12. Qc2 Qd7 13. h5 g5 14. Nh3 h6 15. Nxg5
Nfg4 16. Nf3 Rab8 17. Nxe5 Bxe5 18. Bh3 f5 19. Bxg4 1-0

[Event "REIDID93"]
[Site "http://www.queenalice.com/game.php?id=1210926"]
[Date "2013.8.23"]
[Round "3"]
[White "enzoiazo"]
[Black "Alligator427"]
[Result "1/2-1/2"]
[WhiteElo "2006"]
[BlackElo "2284"]

1. g3 d5 2. Bg2 e5 3. e3 f5 4. b3 Nf6 5. Bb2 Nc6 6. Nf3 Bd6 7. d4 Qe7 8. dxe5
Nxe5 9. Nbd2 O-O 10. O-O c6 11. a4 Bd7 12. Rc1 Rad8 13. Qe2 Rfe8 14. c4 dxc4 15.
Nxc4 Nxc4 16. Qxc4+ Be6 17. Qc2 Qf7 18. Ng5 Qe7 19. Nxe6 Qxe6 20. Qc4 Be5 21.
Bxe5 Qxc4 22. Rxc4 Rxe5 23. b4 a6 24. Rb1 Rd2 25. Rd4 Rxd4 26. exd4 Re2 27. b5
axb5 28. axb5 Ne4 29. bxc6 bxc6 30. Bxe4 1/2-1/2

[Event "Challenge"]
[Site "http://www.queenalice.com/game.php?id=1217799"]
[Date "2013.9.18"]
[Round "-"]
[White "enzoiazo"]
[Black "Canaye"]
[Result "1-0"]
[WhiteElo "1993"]
[BlackElo "1871"]

1. h4 e6 2. g4 d5 3. f4 c5 4. Bg2 Nc6 5. d3 Qb6 6. Nf3 d4 7. Nbd2 Bd6 8. Nc4 Bb8
9. Nxb6 axb6 10. e4 Nf6 11. g5 Ng4 12. O-O Ne3 13. Bxe3 dxe3 14. Ne5 Nd4 15. Bf3
f6 16. gxf6 gxf6 17. Bh5+ Ke7 18. c3 e2 19. Bxe2 fxe5 20. cxd4 Rg8+ 21. Kh1 exf4
22. e5 cxd4 23. Rxf4 Bxe5 24. Re4 Bf6 25. Bg4 Ra5 26. Qb3 Be5 27. Qxb6 Rd5 28.
Rae1 Rd6 29. Qc7+ Kf6 30. Qxh7 Rg6 31. Rf1+ 1-0

[Event "REIDID93"]
[Site "http://www.queenalice.com/game.php?id=1228342"]
[Date "2013.10.29"]
[Round "4"]
[White "REIDID93"]
[Black "enzoiazo"]
[Result "0-1"]
[WhiteElo "1974"]
[BlackElo "2017"]

1. c4 Nf6 2. Nc3 e6 3. g3 Bb4 4. Qc2 O-O 5. Bg2 c6 6. e3 d5 7. cxd5 exd5 8. Nge2
Bg4 9. Nf4 Nbd7 10. O-O Ne5 11. f3 Bd7 12. b3 Qe7 13. Bb2 Ba3 14. Bxa3 Qxa3 15.
d4 Ng6 16. Nxg6 hxg6 17. Na4 Rae8 18. Rfe1 Bc8 19. Nc5 Nd7 20. Nd3 f5 21. Nf4 g5
22. Nd3 Qd6 23. b4 Nb6 24. Ne5 Nd7 25. Nxd7 Bxd7 26. a4 a6 27. Rab1 f4 28. gxf4
gxf4 29. e4 dxe4 30. fxe4 Qxd4+ 31. Kh1 Qe5 32. Rb3 Bg4 33. Bf3 Bxf3+ 34. Rxf3
Qh5 35. Qg2 Re5 36. Qf2 g5 37. Qa2+ Qf7 38. Qd2 g4 39. Rf2 f3 40. Qe3 Qf4 41.
Qb3+ Kg7 42. Qc3 Kg6 43. Qd4 Rf6 44. Qd8 Rf7 45. Qg8+ Rg7 46. Qd8 Rxe4 47. Qd3
Re7 48. Rg1 Kh5 49. Qd8 Qf6 50. Qa5+ Kh4 51. b5 axb5 52. axb5 R7e5 53. Qc7 Re1
54. bxc6 Rxg1+ 0-1

[Event "Rouletabosse-2"]
[Site "http://www.queenalice.com/game.php?id=1241139"]
[Date "2013.12.18"]
[Round "3"]
[White "ymfrancois"]
[Black "enzoiazo"]
[Result "1-0"]
[WhiteElo "1942"]
[BlackElo "2031"]

1. d4 Nf6 2. a3 d5 3. e3 Bg4 4. Be2 Bxe2 5. Nxe2 e6 6. O-O Bd6 7. Nec3 O-O 8.
Nd2 a6 9. b4 Nbd7 10. Na4 b6 11. Re1 Ne4 12. f3 Nxd2 13. Bxd2 f5 14. f4 Qh4 15.
Rf1 Rf6 16. Be1 Qg4 17. Rf3 Rh6 18. Rg3 Qxd1 19. Rxd1 Kf7 20. c3 Be7 21. Rf3 Bh4
22. Rh3 g5 23. g3 gxf4 24. Rxh4 Rxh4 25. gxh4 fxe3 26. Bg3 1-0

[Event "Challenge"]
[Site "http://www.queenalice.com/game.php?id=1265139"]
[Date "2014.3.15"]
[Round "-"]
[White "Canaye"]
[Black "enzoiazo"]
[Result "1-0"]
[WhiteElo "1904"]
[BlackElo "2011"]

1. d4 h6 2. c4 g6 3. Nc3 Bg7 4. Nf3 b6 5. e4 Bb7 6. Bd3 Nc6 7. d5 Ne5 8. Nxe5
Bxe5 9. O-O e6 10. Qc2 Ne7 11. f4 Bd4+ 12. Kh1 exd5 13. exd5 d6 14. Ne2 Bf6 15.
Bd2 Qd7 16. Rae1 O-O-O 17. Nc3 Rde8 18. Nb5 a6 19. Nc3 Kb8 20. Ne4 Bg7 21. a4
Nf5 22. a5 bxa5 23. Ra1 Nd4 24. Qd1 f5 25. Nc3 Re7 26. Rxa5 Rhe8 27. c5 dxc5 28.
Rxc5 Bf6 29. Bc4 g5 30. Na4 Re4 31. Bc3 gxf4 32. Ra5 f3 33. Nc5 fxg2+ 34. Kxg2
Qg7+ 35. Kh1 Be5 36. Nxa6+ Kc8 37. Nc5 Rh4 38. Rf2 Nf3 39. Bxe5 Qxe5 40. Qxf3
Bxd5 41. Ra8+ Bxa8 42. Qxa8# 1-0

[Event "Challenge"]
[Site "http://www.queenalice.com/game.php?id=1265141"]
[Date "2014.3.15"]
[Round "-"]
[White "enzoiazo"]
[Black "Canaye"]
[Result "0-1"]
[WhiteElo "1991"]
[BlackElo "1924"]

1. g4 e6 2. h4 d5 3. Bg2 c5 4. c4 Nf6 5. g5 Nfd7 6. cxd5 exd5 7. Bxd5 Nb6 8. Bg2
Bd6 9. Nc3 O-O 10. d3 Bf5 11. Nf3 Nc6 12. Bd2 Rc8 13. Bh3 Bxh3 14. Rxh3 Re8 15.
Kf1 Nd4 16. Ne4 Qd7 17. Rh1 Nxf3 18. exf3 c4 19. dxc4 Nxc4 20. Bc3 Qc6 21. Qd4
Be5 22. Qd3 Rcd8 23. Qe2 Bxc3 24. bxc3 Rd2 25. Qe1 Kh8 26. Rd1 Rxa2 27. h5 Qb5
28. Kg1 Qf5 29. Rd3 Ne5 30. Re3 Nxf3+ 31. Rxf3 Qxf3 32. Rh4 Ra4 33. h6 Raxe4 34.
hxg7+ Kxg7 35. Rxe4 Rxe4 36. Qe3 Rxe3 37. fxe3 Qxe3+ 38. Kg2 Kg6 39. Kh2 Kh5 40.
c4 Kh4 41. c5 Qf2+ 42. Kh1 Kh3 43. g6 Qg2# 0-1